LEADER 01002nam a2200241 u 4500 001 000000013352 003 CaOOAMICUS 005 20070226105637.0 008 941210q1962 it c u000 u ita u 035 $a10319857 040 $aPUL$bita 100 1 $aDe Rosa, Gabriele,$d1917-2009.$0(OLS)http://pul/name/2754 245 10$aDon Giuseppe De Luca /$cGabriele De Rosa. 260 $aRoma :$bIstituto Luigi Sturzo,$c[1962] 300 $a48 p., 1 p. di tav. :$bill., (ritr.) ;$c20 cm 504 $a"Bibliografioa "[degli scritti di don G. De Luca]: p. 45-48. 600 14$aDe Luca, Giuseppe,$csac.,$d1898-1962.$0(OLS)http://pul/subject/7337 850 $aPUL 852 $aPUL$W1$xDP1 Fondo Maccarrone$y58$m1514 F 13$j18840$nBK-PRI$b $qFondi$B18840$CPULBib$Z2$F18840 $H $81 941 1 $a1 961 $aINV: 3453.F.Maccarrone 996 $6245$aDon Giuseppe De Luca$9(OLS)http://pul/title/12728 996 $6260$aRoma :$bIstituto Luigi Sturzo$9(OLS)http://pul/publisher/53986 LEADER 00888nam a2200229 u 4500 001 000000077019 003 CaOOAMICUS 005 20070226123256.0 008 040115s2001 it u000 u ita u 035 $a10981016 040 $aPUL$bita 100 1 $aTalamanca, Mario.$0(OLS)http://pul/name/4682 245 10$aElementi di diritto privato romano /$cMario Talamanca. 260 $aMilano :$bGiuffrè,$c2001. 300 $a394 p. ;$c25 cm 650 4$aDiritto romano privato.$0(OLS)http://pul/subject/988 850 $aPUL 852 $aPUL$W1$xSL Diritto e Scienze Sociali 1$y4$m183 B 78$j98920$nBK-PRI$b $qStampati$B98920$CPULBib$Z2$F98920 $HPUL87370 $81 941 1 $a8 960 $aDiritto privato romano$9988 996 $6245$aElementi di diritto privato romano$9(OLS)http://pul/title/100940 996 $6260$aMilano :$bGiuffrè$9(OLS)http://pul/publisher/48401